000 00918cam a2200217 4500
001 WB3940-15
008 031022n2003 000 0 eng u
035 _a(Sirsi) u123969
245 _aNew sheriff in town for stamp duty cowboys
260 _c2003
490 _aEstates Gazette
_v(0342) 18 October 2003, 30(1)
520 _aCraig Lester the head of stamp taxes at the Inland Revenue warns of a tougher regime for stamp tax avoiders. The Revenue's powers to enquire into any transaction would be extended to stamp tax from 1 December when the regime is replaced by a stamp duty tax. A commercial transaction unit being set up in the Manchester tax office will investigate around 5% of the deals each year.
590 _aWB
650 _aSTAMP DUTY
650 _aSTAMP DUTY LAND TAX
650 _aTRANSACTIONS
650 _aPROPERTY DEALS
650 _aINLAND REVENUE
690 _aTAXATION
942 _n0
999 _c73622
_d73622